00125nam a2200061 4500082001500000245002100015260002700036 a664.53 GEE aSpice Oleoresins aSri LankabCISIRc1981